Normal view
MARC view
- Supervisor Dr. Mian Muhammad Waseem Iqbal
Entry Personal Name
001 - CONTROL NUMBER
- control field: 113006
003 - CONTROL NUMBER IDENTIFIER
- control field: NUST
005 - DATE AND TIME OF LATEST TRANSACTION
- control field: 20230606085818.0
008 - FIXED-LENGTH DATA ELEMENTS
- fixed length control field: 230606|| aca||aabn | a|a d
040 ## - CATALOGING SOURCE
- Original cataloging agency: NUST
- Transcribing agency: NUST
100 ## - HEADING--PERSONAL NAME
- Personal name: Supervisor Dr. Mian Muhammad Waseem Iqbal
670 ## - SOURCE DATA FOUND
- Source citation: Work cat.: (NUST): Nawaz, Alishba 113005, Adaptive Trust Calculation in Fog Computing /
